Cyclisme : Top 20 du Tour de Suisse 2025 - Statistiques

Statistiques générales
  • Ce quiz a été pris 30 fois
    24 depuis la dernière actualisation
  • Le résultat moyen est 9 sur 20
Statistiques - réponses
Position Equipe Coureur % Correct
4eme Decathlon AG2R La Mondiale Felix Gall
95%
1er UAE Team Emirates Joao Almeida
95%
2eme Arkea B&B Hotels Kevin Vauquelin
95%
3eme Picnic PostNL Oscar Onley
95%
7eme Jayco AlUla Ben O'Connor
85%
5eme Tudor Julian Alaphilippe
85%
8eme Soudal Quick Step Ilan Van Wilder
75%
17eme Groupama FDJ Romain Grégoire
75%
10eme XDS Astana Clement Champoussin
45%
9eme Movistar Pablo Castrillo
45%
11eme UAE Team Emirates Felix Grosschartner
25%
15eme Intermarché Wanty Georg Zimmermann
25%
6eme Lidl Trek Lennard Kamna
20%
16eme Picnic PostNL Warren Barguil
20%
12eme Movistar William Barta
20%
19eme Israel Premier Tech Joseph Blackmore
15%
20eme Visma Lease a Bike Bart Lemmen
10%
18eme Lotto Eduardo Sepulveda
10%
13eme Bahrain Victorious Finlay Pickering
5%
14eme Israel Premier Tech George Bennett
0%
Aucun quiz correspondant
Distribution des résultats
% des personnes avec chaque résultat
Percentile par nombre de réponses
Votre historique - résultats
Vous n’avez pas pris ce quiz depuis la dernière actualisation